FIFA WM Bälle - Statistiken

Allgemein
  • Dieses Quiz wurde 33 mal gespielt
  • Das Durchschnittsergebnis liegt bei 4 aus 23
Antwortstatistiken
Bildquiz Antwort % Korrekt
Jabulani
94%
+Teamgeist
61%
Brazuca
58%
Telstar
39%
Fevernova
33%
Tricolore
15%
Telstar 18
12%
Al RIHLA
9%
Questra
9%
Tango España
6%
Azteca México
3%
Etrusco Unico
3%
Mr. Crack
3%
Super Duplo T
3%
Swiss WC Match Ball
3%
Tango Durlast
3%
Telstar Durlast
3%
Top Star
3%
Allen
0%
Challenge 4-Star
0%
Federale
0%
Tiento
0%
T-Model
0%
Keine übereinstimmenden Quizze gefunden
Verteilung der Resultate
Anzahl Personen mit jedem Resultat
Perzentil nach korrekt beantworteten Fragen
Ihre Resultats-Entwicklung
Sie haben dieses Quiz noch nicht gespielt